000 01838cam a22003857i 4500
999 _c57445
_d57445
001 20474341
005 20221108162216.0
008 180428t20172017enka b 001 0 eng d
010 _a 2018285135
020 _a9780128139707 X
_qpaperback
035 _a(OCoLC)ocn988170492
040 _aYDX
_beng
_cYDX
_erda
_dTEU
_dOCLCO
_dOCLCF
_dKSU
_dDLC
041 _aeng
050 0 0 _aMLCM 2019/43986 (T)
080 _a621.31+75.071 S-61
100 1 _aStazi, Francesca,
_eauthor.
_98657
245 1 0 _aThermal inertia in energy efficient building envelopes /
_cFrancesca Stazi, Polytechnic University of Marche, Ancona, Italy.
264 1 _aKidlington, Oxford ;
_aCambridge, MA :
_bButterworth-Heinemann is an imprint of Elsevier,
_c[2017]
300 _axv, 358 pages :
_billustrations ;
_c23 cm.
336 _atext
_btxt
_2rdacontent
337 _aunmediated
_bn
_2rdamedia
338 _avolume
_bnc
_2rdacarrier
500 _aMinimal Level Cataloging Plus.
_5DLC
504 _aIncludes bibliographical references and index.
505 0 _aHigh thermal resistance versus high thermal capacity: the dilemma -- The envelope: a complex and dynamic problem -- Retrofit of existing envelopes -- New envelopes -- Passive envelopes -- Experimental methods, analytic explorations, and model reliability.
650 0 _aInsulation (Heat)
_98658
650 0 _aBuildings
_xEnvironmental engineering.
_98659
650 7 _aBuildings
_xEnvironmental engineering.
_2fast
_0(OCoLC)fst00841055
_98659
650 7 _aInsulation (Heat)
_2fast
_0(OCoLC)fst00974462
_98658
653 _aთერმული ინერცია
653 _aენერგოეფექტური შენობები
906 _a7
_bcbc
_ccopycat
_d4
_encip
_f20
_gy-gencatlg
942 _2udc
_cBK
955 _bxn11 2018-04-28 z-processor to USASH
_hti66 2019-09-16 to CALM